| 000 | 01027pam a2200301 a 4500 | ||
|---|---|---|---|
| 001 | 3450327 | ||
| 003 | mut | ||
| 005 | 20240606081122.0 | ||
| 008 | 920707s1993 maua b 001 0 eng | ||
| 010 | _a 92026306 | ||
| 020 | _a0205138012 | ||
| 040 |
_aDLC _cDLC _dDLC |
||
| 050 | 0 | 0 |
_aHV1568 _b.H83 1993 |
| 082 | 0 | 0 |
_a362 _220 |
| 245 | 0 | 0 |
_aHuman exceptionality : _bsociety, school, and family / |
| 250 | _a4th ed. | ||
| 260 |
_aBoston : _bAllyn and Bacon, _cc1993. |
||
| 300 |
_axxv, 536 p. : _bill. (some col.) ; _c26 cm. |
||
| 504 | _aIncludes bibliographical references (p. 493-517) and indexes. | ||
| 650 | 0 | _aPeople with disabilities. | |
| 650 | 0 | _aExceptional children. | |
| 650 | 0 |
_aPeople with disabilities _xServices for. |
|
| 650 | 0 | _aLearning disabilities. | |
| 700 | 1 | _aHardman, Michael L. | |
| 906 |
_a7 _bcbc _corignew _d1 _eocip _f19 _gy-gencatlg |
||
| 942 |
_2lcc _cBK |
||
| 999 |
_c9748 _d9748 |
||